000 00300nam a22001337a 4500
008 170823b xxu||||| |||| 00| 0 eng d
020 _a081763181-X
041 _aeng
080 _a51
100 _a38
101 _aMAT
245 _aMANIFOLDS ON NONPOSITIVE CURVATURE
_cBALLMAN,W
942 _2udc
_cBK
999 _c24728
_d24728